01341nam a2200337Ia 4500001001200000003000800012006001900020007001500039008004100054010001700095020001500112020001800127040002100145035002100166050002500187100002400212245012600236260004600362300002400408490003500432504005100467533015200518650005400670650003300724655002900757700002100786710001700807830003600824856012600860999001700986ebr10240775CaPaEBRm u cr cn|||||||||070819s2007 maua sb 001 0 eng d z 2007299768 z1596932007 z9781596932005 aCaPaEBRcCaPaEBR a(OCoLC)47113570914aTK3001b.N598 2007eb1 aNovak, Istvan,cDr.10aFrequency-domain characterization of power distribution networksh[electronic resource] /cIstvan Novak, Jason R. Miller. aBoston ;aLondon :bArtech House,cc2007. axvi, 339 p. :bill.1 aArtech House microwave library aIncludes bibliographical references and index. aElectronic reproduction.bPalo Alto, Calif. :cebrary,d2009.nAvailable via World Wide Web.nAccess may be limited to ebrary affiliated libraries. 0aElectric power distributionxMathematical models. 0aElectric power transmission. 7aElectronic books.2local1 aMiller, Jason R.2 aebrary, Inc. 0aArtech House microwave library.40uhttp://site.ebrary.com/lib/rucke/Doc?id=10240775zAn electronic book accessible through the World Wide Web; click to view c36006d36006